[Event "Treviso op-B 4th"]
[Site "Treviso"]
[Date "2023.04.02"]
[Round "5"]
[White "Santoni, Federico"]
[Black "Gheser, Amir"]
[Result "1-0"]
[WhiteElo "1592"]
[BlackElo "1484"]
[PlyCount "29"]
[EventDate "2023.03.31"]
[EventType "swiss"]
[EventRounds "5"]
[EventCountry "ITA"]
[SourceTitle "EXT 2024"]
[Source "ChessBase"]
[SourceDate "2023.10.10"]
[SourceVersion "1"]
[SourceVersionDate "2023.10.10"]
[SourceQuality "1"]

1. e4 c5 2. Nf3 Nc6 3. d4 cxd4 4. Nxd4 g6 5. Nc3 Bg7 6. Be3 Nf6 7. Bc4 0-0 8. Bb3 a5 9. f3 d5 10. exd5 Nb4 11. Qd2 Nbxd5 12. Nxd5 Nxd5 13. Bh6 e5 14. Bxg7 Kxg7 15. Bxd5 1-0